| 000 | 00000nam 2200000zi 4500 |
| 001 | 9.560669 |
| 003 | CaOODSP |
| 005 | 20221123132847 |
| 007 | cr ||||||||||| |
| 008 | 150406s2006 xxc|||||o f|0| 0 eng d |
| 020 | |a0662434528 |
| 022 | |a1205-9153 |
| 040 | |aCaOODSP|beng |
| 043 | |an-cn--- |
| 086 | 1 |aCS11-0019/282E-PDF |
| 100 | 1 |aMyles, John,|d1943- |eauthor. |
| 245 | 10|aWhy did employment and earnings rise among lone mothers during the 1980s and 1990s? / |cby John Myles et al. |
| 264 | 1|bStatistics Canada, |c2006. |
| 300 | |a1 online resource (29 pages) : |bgraphs, references, tables. |
| 336 | |atext|btxt|2rdacontent |
| 337 | |acomputer|bc|2rdamedia |
| 338 | |aonline resource|bcr|2rdacarrier |
| 490 | 1 |aAnalytical Studies Branch research paper series, |x1205-9153 ; |vNo. 282 |
| 590 | |a06-23|b2006-06-09 |
| 690 | 07|aEmployment|2gcpds |
| 690 | 07|aIncome|2gcpds |
| 690 | 07|aSingle parent families|2gcpds |
| 710 | 2 |aStatistics Canada, |eissuing body. |
| 775 | 08|tPourquoi l'emploi et les gains ont-ils augmenté chez les mères seules durant les années 1980 et 1990? / |w(CaOODSP)9.593332 |
| 830 | #0|aResearch paper series (Statistics Canada. Analytical Studies Branch)|x1205-9153|vNo. 282|w(CaOODSP)9.504421 |
| 856 | 40|ahttp://publications.gc.ca|qPDF|s863 KB|uhttps://publications.gc.ca/collections/Collection/Statcan/11F0019MIE/11F0019MIE2006282.pdf|yNo. 282 |